000 00879nam a2200253Ia 4500
003 OSt
005 20220923215633.0
006 a|||||r|||| 00| 0
007 ta
008 220922b |||||||| |||| 00| 0 hin d
024 _a180,491
037 _cTextual
040 _aARTS
_cARTS
_bhin
041 _2hin
_ahin
082 _aO152,1N26:g, N1
100 _aपाण्डेय, हरिवंश
245 0 _aधर्मवीर भारती
_b चिंतन और अभिव्यक्ति
246 _aDharmavīr bhāratī: chiantan aur abhivyakti
260 _aकानपुर
_b अतुल प्रकाशन
_c1991
300 _a329 पृ.
_ccm.
650 _aहिन्दी साहित्य
_9156264
942 _hO152,1N26:g, N1
_cTEXL
_2CC
999 _c333869
_d333869